Commodore PC Personal computer (Record no. 37853)

MARC details
000 -LEADER
fixed length control field 00506nam a2200133 a 4500
008 - FIXED-LENGTH DATA ELEMENTS--GENERAL INFORMATION
fixed length control field 120416s1986 ||||||||||||||||| || u
050 ## - LIBRARY OF CONGRESS CALL NUMBER
Classification number QA 76.8 Com
245 10 - TITLE STATEMENT
Title Commodore PC Personal computer
246 ## - VARYING FORM OF TITLE
Title proper/short title GW-BASIC interpreter users guide
260 ## - PUBLICATION, DISTRIBUTION, ETC.
Place of publication, distribution, etc. West Chester
Name of publisher, distributor, etc. Commodore Electronic
Date of publication, distribution, etc. 1986
300 ## - PHYSICAL DESCRIPTION
Extent vii, 274p. : ill.
350 ## - PRICE (NR) (BK AM CF MU VM SE) [OBSOLETE]
Price 0.00
995 ## - RECOMMENDATION 995 [LOCAL, UNIMARC FRANCE]
-- 0.00
-- CBU-MAIN LIBRARY (Kitwe)
-- 1
-- 32.00
-- 1
-- AVAILABLE
-- Annex Low-Usage Collection
Holdings
Withdrawn status Lost status Source of classification or shelving scheme Damaged status Not for loan Home library Current library Shelving location Date acquired Total Checkouts Full call number Barcode Date last seen Price effective from Koha item type
          CBU-MAIN LIBRARY, KITWE. CBU-MAIN LIBRARY, KITWE.   11/30/2022   QA 76.8 Com 010077 11/30/2022 11/30/2022 MONOGRAPH